<?xml version="1.0" encoding="UTF-8"?>
<collection xmlns="http://www.loc.gov/MARC21/slim">
  <record>
    <leader>00000nam  2200000   4500</leader>
    <controlfield tag="001">INLIS000000000006425</controlfield>
    <controlfield tag="005">20220613013939</controlfield>
    <datafield tag="035" ind1="#" ind2="#">
      <subfield code="a">0010-0622000286</subfield>
    </datafield>
    <datafield tag="245" ind1="1" ind2="#">
      <subfield code="a">Diverse Jeju /</subfield>
      <subfield code="c">MONTHLY MAGAZINE</subfield>
    </datafield>
    <datafield tag="100" ind1="1" ind2="#">
      <subfield code="a">MAGAZINE, Monthly</subfield>
    </datafield>
    <datafield tag="250" ind1="#" ind2="#">
      <subfield code="a">MAJALAH 2019</subfield>
    </datafield>
    <datafield tag="300" ind1="#" ind2="#">
      <subfield code="a">52 halaman :</subfield>
      <subfield code="b">Tabel, Gambar ;</subfield>
      <subfield code="c">22,5x27 cm</subfield>
    </datafield>
    <datafield tag="260" ind1="#" ind2="#">
      <subfield code="b">Korean Culture and Information Service,</subfield>
      <subfield code="c">2019</subfield>
    </datafield>
    <datafield tag="082" ind1="#" ind2="#">
      <subfield code="a">050.57</subfield>
    </datafield>
    <datafield tag="084" ind1="#" ind2="#">
      <subfield code="a">050.57 MAG d</subfield>
    </datafield>
    <datafield tag="990" ind1="#" ind2="#">
      <subfield code="a">26/MJ-19</subfield>
    </datafield>
  </record>
</collection>
